Karte von Afrika (Record no. 181555)

MARC details
000 -LEADER
campo de control de longitud fija 00864nem a2200217 i 4500
001 - NÚMERO DE CONTROL
campo de control 181555
003 - IDENTIFICADOR DE NÚMERO DE CONTROL
campo de control ES-MaACL
005 - FECHA Y HORA DE LA ÚLTIMA TRANSACCIÓN
campo de control 20260209164147.0
008 - DATOS DE LONGITUD FIJA--INFORMACIÓN GENERAL
campo de control de longitud fija 130211s1896 gw | | | ||ger d
130 0# - ENTRADA PRINCIPAL--TÍTULO UNIFORME
Título uniforme África.
Subencabezamiento de forma Mapas políticos.
Fecha de publicación/de la obra 1896.
9 (RLIN) 152239
245 10 - MENCIÓN DEL TÍTULO
Título Karte von Afrika
Resto del título : im masstabe von 1:8 000 000 der natürlichen grösse [
Medio Material catográfico] /
Mención de responsabilidad, etc. redigiert von J. I. Kettler und Herm. Müller.
255 ## - DATOS MATEMÁTICOS CARTOGRÁFICOS
Mención de escala Escala: 1:8 000 000.
260 ## - PUBLICACIÓN, DISTRIBUCIÓN, ETC.
Lugar de publicación, distribución, etc. Weimar :
Nombre del editor, distribuidor, etc. Geographisches Institut,
Fecha de publicación, distribución, etc. [ca. 1896]
300 ## - DESCRIPCIÓN FÍSICA
Extensión 1 mapa :
Otras características físicas col. ;
Dimensiones 33 x26 cm en 1 h. pleg. de 104 x 99 cm.
592 ## -
-- Señaladas con diferentes colores las colonias de los países europeos.
651 #7 - PUNTO DE ACCESO ADICIONAL DE MATERIA--NOMBRE GEOGRÁFICO
Nombre geográfico África-
Subdivisión de forma Mapas
Fuente del encabezamiento o término
9 (RLIN) 137013
700 1# - ENTRADA AGREGADA--NOMBRE PERSONAL
Nombre de persona Kettler, Julius I.
9 (RLIN) 152237
700 1# - ENTRADA AGREGADA--NOMBRE PERSONAL
Nombre de persona Müller, Hermann.
9 (RLIN) 152238
852 ## - LOCALIZACIÓN
Ubicación ES-MaACL
Número de control de estantería G-6422
Holdings
Estatus retirado Estado de pérdida Estado de daño No para préstamo Biblioteca de origen Biblioteca actual Ubicación en estantería Fecha de adquisición Fuente de adquisición Total de préstamos Signatura topográfica completa Código de barras Visto por última vez Precio de reemplazo Tipo de ítem Koha
        Biblioteca del Ateneo de Madrid Biblioteca del Ateneo de Madrid Depósito 2 11/02/2013     G-6422 1190799 23/02/2023 23/02/2023 Mapa